Subdivision capitals closest to Zaječar (RS) - Statistics

General Stats
  • This quiz has been taken 11 times
  • The average score is 10 of 20
Answer Stats
Distance (km) Answer % Correct
20 159 Sofija
100%
9 94 Montana
75%
3 72 Niš
75%
1 24 Bor
50%
18 155 Čačak
50%
15 130 Craiova
50%
6 86 Drobeta-Turnu Severin
50%
10 110 Kragujevac
50%
14 129 Kraljevo
50%
12 126 Leskovac
50%
19 156 Pernik
50%
7 87 Pirot
50%
11 118 Požarevac
50%
2 49 Vidin
50%
13 129 Vraca
50%
4 82 Jagodina
25%
5 84 Kruševac
25%
8 93 Prokuplje
25%
16 137 Smederevo
25%
17 149 Târgu Jiu
25%
No matching quizzes found
Score Distribution
Percent of People with Each Score
Percentile by Number Answered
Your Score History
You have not taken this quiz